FALLOUT 4 quiz - Statistics

General Stats
  • This quiz has been taken 401 times
    395 since last reset
  • The average score is 11 of 13
Answer Stats
Hint Answer % Correct
Main Characters Sons name Shaun
96%
Leader of the Minuteman Preston Garvey
94%
German Shepard Dogmeat
93%
Press writer Piper Wright
93%
What year was the game released? 2015
92%
DLC 2 Nuka World
85%
Person that shot your partner Kellogg
83%
Red hair irish companion Cait
82%
Piper's home settlement Diamond city
82%
DLC 1 Far Harbor
79%
Brotherhood of steel's flying ship Prydwen
76%
Leader of the railroad Desdemona
74%
Mayor of Diamond City Mayor McDonough
38%
No matching quizzes found
Score Distribution
Percent of People with Each Score
Percentile by Number Answered
Your Score History
You have not taken this quiz since the last reset